Gaming Quiz

Random Gaming or Card Games Quiz

Keeping Score - Board & Card Games Quiz Stats

 Plays Quiz Updated Oct 8, 2014

Also try: Board Game Blitz
Challenge
Share
Tweet
Embed
Score 0/14 Timer 05:00
0 Plays Today
Scoring Example Game % Correct
9 points for playing the word 'TRIVIA'Scrabble
84.5%
40 points for getting stuck with a Reverse and Draw Two in your handUno
81%
11 points for finding an 8 letter word in the grid of diceBoggle
71.9%
25 points for getting a Full HouseYahtzee
69.5%
0 points for shooting the moon (but all other players receive 26 points)Hearts
65.2%
2 points for writing 'Ronald Reagan' for the 'Presidents' category (as long as nobody else also put that answer)Scattergories
50.8%
4 points for guessing 5 correct words before the minute ran up (and after losing one point when the clue giver said a word they shouldn't have)Taboo
44.5%
Scoring Example Game % Correct
2 points for reaching the 31 count during playCribbage
32.7%
2 points for taking all five tricks after declaring the trump cardEuchre
28.9%
3 points for having no other players guess the correct definition of 'tauroboly' after drawing that cardBalderdash
28.2%
300 points for a Coup-fourré and 100 points for playing the Driving Ace cardMille Bornes
14%
5 points for still having an 8 in your hand, 10 points for having an 11, and another 15 points for having a SkipPhase 10
11.6%
6 points for correctly guessing 6 of the 10 selected phrases on a card fitting the category 'Commands You Give a Dog'Outburst
10.9%
5 points for correctly guessing who was responsible for each of the 5 answers to the question 'What are you most neurotic about?', which you read from your cardLoaded Questions
2.8%

You're not logged in!

Compare scores with friends on all Sporcle quizzes.
Join for Free
OR
Log In

You Might Also Like...

Show Comments

Extras

Top Quizzes Today


Score Distribution

Your Account Isn't Verified!

In order to create a playlist on Sporcle, you need to verify the email address you used during registration. Go to your Sporcle Settings to finish the process.

Report this User

Report this user for behavior that violates our Community Guidelines.

Details: